M & L Management and Legal Limited v Bournemouth BC (Record no. 37793)
[ view plain ]
| 000 -LEADER | |
|---|---|
| fixed length control field | 01666cab a2200229 4500 |
| 001 - CONTROL NUMBER | |
| control field | ABS47227 |
| 008 - FIXED-LENGTH DATA ELEMENTS--GENERAL INFORMATION | |
| fixed length control field | 090401t1992 xxu||||| |||| 00| 0 eng d |
| 035 ## - SYSTEM CONTROL NUMBER | |
| System control number | (Sirsi) u61118 |
| 041 ## - LANGUAGE CODE | |
| Language code of text/sound track or separate title | eng |
| 245 ## - TITLE STATEMENT | |
| Title | M & L Management and Legal Limited v Bournemouth BC |
| 260 ## - PUBLICATION, DISTRIBUTION, ETC. | |
| Date of publication, distribution, etc. | 1992 |
| 350 ## - PRICE (NR) (BK AM CF MU VM SE) [OBSOLETE] | |
| Price | 0 |
| 490 ## - SERIES STATEMENT | |
| Series statement | Rating & Valuation Reporter |
| Volume/sequential designation | (1992) 32 RVR 175-183(9) |
| 520 ## - SUMMARY, ETC. | |
| Summary, etc. | LT 30 June 1992. The council purchased M`s freehold interest in a two storey industrial building linked to a two storey office building, for a town centre redevelopment. In 1986 the property had been leased to another party for a term of 13 years from May 1984. The initial rent was £7,500pa and it was subject to three yearly rent reviews. The first review was due on 1 May 1988 but did not take place. The council entered the premises on 13 October 1988 which is the valuation date. The parties agreed that the freehold interest was to be valued by reference to the capitalised rental value. They were not agreed as to the rental value or appropriate capitalisation rate. M valued the freehold interest at £194,000 equivalent to an annual rent of £15,515 and capitalised at 8%. The councils valuation was £87,500 based on an annual rent of £10,500 capitalised at 12%. M valued the annual rent higher claiming the property was mixed use and therefore more valuable. However the council claimed the |
| 650 ## - SUBJECT ADDED ENTRY--TOPICAL TERM | |
| Topical term or geographic name entry element | CAPITALISATION RATE |
| 650 ## - SUBJECT ADDED ENTRY--TOPICAL TERM | |
| Topical term or geographic name entry element | Compulsory purchase |
| 9 (RLIN) | 6228 |
| 650 ## - SUBJECT ADDED ENTRY--TOPICAL TERM | |
| Topical term or geographic name entry element | RENTAL VALUES |
| 650 ## - SUBJECT ADDED ENTRY--TOPICAL TERM | |
| Topical term or geographic name entry element | YIELDS |
| 690 ## - LOCAL SUBJECT ADDED ENTRY--TOPICAL TERM (OCLC, RLIN) | |
| Topical term or geographic name as entry element | ENVIRONMENTAL AND LAND CONSULTANCY-PLANNING AND DEVELOPMENT-COMPULSORY PURCHASE AND COMPENSATION |
| 942 ## - ADDED ENTRY ELEMENTS (KOHA) | |
| Suppress in OPAC | 0 |
| 948 ## - LOCAL PROCESSING INFORMATION (OCLC); SERIES PART DESIGNATOR (RLIN) | |
| c (OCLC) | 04/03/1997 |
| Withdrawn status | Lost status | Source of classification or shelving scheme | Damaged status | Not for loan | Home library | Current library | Shelving location | Date acquired | Total Checkouts | Full call number | Barcode | Date last seen | Copy number | Price effective from | Koha item type |
|---|---|---|---|---|---|---|---|---|---|---|---|---|---|---|---|
| Dewey Decimal Classification | London | London | Journal article | 14/09/1999 | ABS47227 | 61118-1001 | 06/08/2019 | 1 | 06/08/2019 | Law report |